| 000 | 00505ntaaa2200181 4500 | ||
|---|---|---|---|
| 003 | 01 | ||
| 005 | 20251027202627.0 | ||
| 008 | 0714s1973 ag 01 | ||
| 040 |
_aAR-BaBN _bspa _cAR-BaBN _eaacr _dRIC |
||
| 082 | _a371.3000 H18 | ||
| 100 |
_aHammack, Mary L _925579 |
||
| 245 | _aHow to train the Sunday School teacher | ||
| 250 | _a1 ed. | ||
| 260 |
_aGrand Rapids : _bZondervan Publishing House, _cc1961 |
||
| 300 | _a63 p | ||
| 500 | _aComo preparar a los maestros de la escuela dominical | ||
| 942 | _cBK | ||
| 999 |
_c21430 _d21430 |
||